000 00259nam a22001097a 4500
005 20230724123504.0
008 230724b |||||||| |||| 00| 0 eng d
245 _aCOMPETITION SUCCESS REVIEW
260 _c2023
650 _a MONTHLY MAGAZINE
_97860
942 _cJRL
999 _c8325
_d8323